00221nam a22000857a 4500008004100000082001600041100001000057245004900067300001900116230704b xxu||||| |||| 00| 0 eng d a341.42bKEN cKENYA aReport of the Regional Boundaries Commission avarious paging